| 000 | 00742cam a2200205u 4500 | ||
|---|---|---|---|
| 001 | 000004732 | ||
| 005 | 20200929151507.0 | ||
| 008 | 840106s1970 sp a 000 0 spa | ||
| 040 |
_aDO-SdBNP _cCarP _dDLC _dBNPHU |
||
| 082 |
_a923.41 _bC485p |
||
| 100 | 1 |
_aCharriere, Henri, _d1906-1973 _913765 |
|
| 245 | 1 | 0 |
_aPapillón / _cHenri Charrière ; traducción Domingo Pruna , Vicente Villacampa. |
| 260 |
_aBarcelona : _bPlaza & Janes, _c1970. |
||
| 300 |
_a605 p. ; _c20 cm. |
||
| 600 | 1 | 4 |
_aCHARRIERE, HENRI (PAPILLÓN), _d1906-1973 _xBIOGRAFÍ _913766 |
| 650 | 4 |
_aPrisioneros _zFrances De Guayana _xBiografía _913767 |
|
| 700 | 1 |
_aPruna, Domigno, _etr. _913768 |
|
| 700 | 1 |
_aVillacampa, Vicente, _etr. _913769 |
|
| 910 | _aCatalogación por copia / LC | ||
| 999 |
_c4538 _d4538 |
||